Magnus and muses: 'off the record' musings of mc (Record no. 34877)

MARC details
000 -LEADER
fixed length control field 00295nam a2200109Ia 4500
082 ## - DEWEY DECIMAL CLASSIFICATION NUMBER
Classification number 007
Item number HAR
245 #0 - TITLE STATEMENT
Title Magnus and muses: 'off the record' musings of mc
260 ## - PUBLICATION, DISTRIBUTION, ETC. (IMPRINT)
Place of publication New Delhi
Name of publisher Academic
Year of publication 1980
700 ## - ADDED ENTRY--PERSONAL NAME
Personal name HARINDRA SRIVASTAVA
942 ## - ADDED ENTRY ELEMENTS (KOHA)
Koha item type Books
Holdings
Withdrawn status Lost status Damaged status Not for loan Home library Current library Date acquired Full call number Accession Number Koha item type
        RRII Library RRII Library 16/12/2021 007 HAR 15304 Books